| 000 | 00677nam a22001937a 4500 | ||
|---|---|---|---|
| 999 |
_c195774 _d195774 |
||
| 005 | 20230420145519.0 | ||
| 010 | _aENG-136732 | ||
| 020 |
_c1620.00 _a9788181715166 |
||
| 035 | _aEN-120264 | ||
| 037 | _bDBAD/PUB | ||
| 082 | _a591.7789095436 | ||
| 100 | _aRaghunathan, C. | ||
| 245 | 0 | 0 |
_aStatus of coral and its associated Fauna in Landfall, Peacock, Table Delgarno and Trilby islands sanctuaries, North Andaman/ _bBy C. Rafhunathan |
| 260 |
_aKolkata _bZoological Survey Of India _c2018 |
||
| 270 |
_bKolkata _aM- Block, New Alipore _e700006 |
||
| 300 |
_a190p.; _c24cm(pbk) _bill. |
||
| 500 | _aIncludes index | ||
| 942 |
_2ddc _cEN _mRAG _h591.7789095436 |
||